| 000 | 00336nam a22001217a 4500 | ||
|---|---|---|---|
| 082 |
_a297 _bSHA _cM |
||
| 100 |
_aShari, Mulana Mufti Muhammad Ashiq Ilahi Buland _951128 |
||
| 245 | _aشرعی پردہ | ||
| 260 |
_aKarachi, _bIdara al Marif, _c2010. |
||
| 300 | _a166p. | ||
| 526 |
_a0 _b0 _c0 _d297_000000000000000_SHA |
||
| 942 |
_2ddc _cBK |
||
| 999 |
_c553884 _d553884 |
||